00733nam a2200241 a 450000100060000000300080000600500170001400800410003103500190007204000270009104100080011808200250012610000250015124500810017625000110025726000430026830000360031150400370034765000210038465000360040570000260044170000240046753958BD-RjUL20211209080042.0170124s1959 nyua b 001 0 eng d a(BD-RjUL)54080 aDLCcWSUdBD-RjULbeng aeng a658.86bBEW 19592231 aBeckman, Theodore N.10aWholesaling /cTheodore N. Beckman, Nathanael H. Engle and Robert D. Buzzell a3d ed. aNew York : bRonald Press Co., c1959. axvi, 705 p. : bill. ; c24 cm. aIncludes bibliography and index. 0aWholesale trade. 0aWholesale tradezUnited States. aEngle , Nathanael H.  aBuzzell, Robert D.